000 00546nam a2200181Ia 4500
003 GCL
008 140319s9999 xx 000 0 ara d
040 _aGCL /
_cGCL
082 0 4 _a813.03
_bت ع
100 1 _aتوفيق الحكيم
245 1 0 _aعصا الحكيم /
_cتوفيق الحكيم
260 _aالقاهرة :
_bمكتبة مصر ،
_c1988
300 _a191 ص ؛
_c18 سم
490 _aمكتبة توفيق الحكيم الشعبية
_v25
650 0 4 _aالادب العربى
650 0 4 _aالقصص
942 _2ddc
_cBK
999 _c31509
_d31509